000
00289nam a2200121Ia 4500
008
191201s2008 xx 000 0 und d
100
_a
RAJARAMAN, V
245
0
_a
Computer basics and C programming
250
_a
Rep
260
_c
2008
_b
PHI
_a
NEW DELHI
300
_a
431
942
_2
ddc
_c
BK
_0
5
999
_c
7808
_d
7808